000 00179nam a2200085 4500
001 1256661
005 20260102113406.0
245 _aTİLDA-2
_cGİZEM PINAR KARABOĞA
260 _bALTIN
999 _c1256661
_d1256661